书目信息 |
| 题名: |
韩语疯狂口语 日常交际与工作
|
|
| 作者: | 郑顺梅 , 徐红霞 编著 | |
| 分册: | ||
| 出版信息: | 北京 中国宇航出版社 2007.07 |
|
| 页数: | 217页 | |
| 开本: | 19cm | |
| 丛书名: | ||
| 单 册: | ||
| 中图分类: | H559.4 | |
| 科图分类: | ||
| 主题词: | 朝鲜语 | |
| 电子资源: | ||
| ISBN: | 978-7-80218-241-7 | |
| 000 | 00548nam0 2200193 45 | |
| 005 | 20081008103714.42 | |
| 010 | @a978-7-80218-241-7@dCNY18.80 | |
| 092 | @bLR | |
| 102 | @aCN@b110000 | |
| 200 | 1 | @a韩语疯狂口语 日常交际与工作@f郑顺梅,徐红霞编著@Fzheng shun mei,xu hong xia bian zhu |
| 210 | @a北京@c中国宇航出版社@d2007.07 | |
| 215 | @a217页@d19cm | |
| 606 | 0 | @a朝鲜语 |
| 690 | @aH559.4@v4 | |
| 701 | 0 | @a郑顺梅@Azheng shun mei@4编著 |
| 701 | 0 | @a徐红霞@Axu hong xia@4编著 |
| 801 | 0 | @c20081008 |
| 905 | @dH559.4@eZ447@f3 | |
| 906 | @cLR@dCNY18.80@n0@r1 | |
| 韩语疯狂口语 日常交际与工作/郑顺梅,徐红霞编著.-北京:中国宇航出版社,2007.07 |
| 217页;19cm |
| ISBN 978-7-80218-241-7:CNY18.80 |
| ● |
| 相关链接 |
|
|
|
正题名:韩语疯狂口语 日常交际与工作
索取号:H559.4/Z447
 
预约/预借
| 序号 | 登录号 | 条形码 | 馆藏地/架位号 | 状态 | 备注 |
| 1 | 841159 | 208411592 | 语言库209/209语言库 138排1列3层/ [索取号:H559.4/Z447] | 在馆 | |
| 2 | 841160 | 208411609 | 语言库209/209语言库 138排1列3层/ [索取号:H559.4/Z447] | 在馆 | |
| 3 | 841161 | 208411618 | 语言库209/209语言库 138排1列3层/ [索取号:H559.4/Z447] | 在馆 |